Quizzes
Events
Quiz Creation
Community
Videos
Private Events
Remove Ads
Sign In
Join for FREE
Feedback
Dark Mode
Quiz Categories
Sports
Geography
Music
Movies
Television
Just For Fun
Miscellaneous
History
Literature
Language
Science
Gaming
Entertainment
Religion
Holiday
For Kids
Quiz Lab
Recent
Popular Today
Quiz Kudos Today
Editor Picks
Curator Picks
Quizzes by...
Day
Popularity
Type
Ratings
Length
Year
Community
Subscriptions
Recent Discussions
Orange Saloon
Badges
Playlists
Quests
Create
Leaderboards
Showdown
Live 5
Trivia Bingo
Activity
Puzzle Library
Sporcle Events
Private Events
Virtual Trivia
Globe League
Become a Host
Pub Owners
SporcleCon
Opinionation
Our Games
Videos
Blog
Mobile Apps
Partnerships
Remove Ads and Go Orange
Feedback
Science
Computer
Plants
Astronomy
Chemistry
Elements
Math
Animal
Physics
Anatomy
Biology
Geology
General Science
Science
Computer
Plants
Astronomy
Chemistry
Elements
Math
Animal
Physics
Anatomy
Biology
Geology
General Science
Random Quiz
Search Sporcle
×
Quiz Lab
Quiz Lab
Science
Prefix
Type in answers that appear in a list
Type in answers that appear in a list
Classic
Best Score? Go Orange.
Earth Science Prefixes Stats
Can you name the Earth Science Prefixes?
By
MrZScienceGuy
6m
38 Questions
626 Plays
626 Plays
626 Plays
Comments
Comments
Give Quiz Kudos
Give Quiz Kudos
-
- Ratings
hide this ad
More Info
Forced Order
Answers have to be entered in order
Answers have to be entered in order
Random Order
Randomize order of answers
Randomize order of answers
Replay
Link that replays current quiz
Next Quiz
Link to next quiz in quiz playlist
You Got
0%
They Got
Avg Score
39%
Avg Friend Score
Upgrade to see
Score Distribution
Jump to the score distribution portion of the page
Score
0/38
Timer
06:00
0
Plays Today
Hint
Answer
% Correct
Tri-
Three
84.9%
Hydro-
Water
81.2%
Pre-
Before
75.2%
Geo-
Earth
75.1%
Bi-
Two
73.6%
Uni-
One
72.4%
Therm-
Heat or temperature
67.6%
Bio-
Life
59.3%
Multi-
Many
59.1%
Paleo-
Earth's history
58.3%
Cosmo-
Universe
56.3%
Terra-
or Terre-
Land
54.8%
Astro-
Star
53.4%
Baro-
Weight or pressure
48.9%
Hygro-
Water vapor
46.2%
Equi-
Equal
46%
Helio-
Sun
43.6%
Exo-
Outside
43.1%
Meso-
Middle
42.2%
Hint
Answer
% Correct
Seismo-
Earthquake
40.3%
Iso-
Equal
40.1%
Ign-
Fire
39.6%
Con-
With or together
39%
Anemo-
Wind
37.7%
Strat-
Layers
37.4%
Pan-
All
36.6%
Photo-
Light
34.9%
Eco-
Habitat or environment
34.7%
Litho-
Stone
30.4%
Meteor-
Things in the air
29.6%
Selen-
Moon
29.4%
Super-
Above
29.1%
Pseudo-
False
29%
Astheno-
Weak
25.7%
Endo-
Within or internal
21%
Sedi-
Settle
17.1%
Meta-
After
13.6%
Sub-
Under
0%
Quiz Playlist
Details
Report
Send in Message
Add To Playlist
More Info:
Can you correctly guess the correct meaning to each prefix that we've discussed this year? (6th grade earth science course)
Classic:
Type in answers that appear in a list
Forced Order:
Answers have to be entered in order
Random Order:
Randomize order of answers
Last Updated: Feb 16, 2017
Quiz Scoreboard
CHALLENGE
Sign Up to Join the Scoreboard
Show All
Scores
Hide
Comments
May contain spoilers
Recently Published
College Basketball Coaching Resumes
by pancakes188
Sports
9m
Billboard Blitz: Fleetwood Mac
by CooCooCachoo
Music
15s
Presidents Visiting Landmarks
by Hejman
History
7m
More to Explore
Quiz From the Vault
Featured Blog Post
Where Did the Easter Bunny Come From?
hide this ad
You Might Also Like...
Tags
earth
Earth Science
Prefix
Today's Top Quizzes in Science
Browse Science
hide this ad
Today's Top Quizzes in Prefix
Browse Prefix
Top Contributed Quizzes in Science
1
Quick Pick: Radians
2
Quick Pick: 'CI-CJ' Animals
3
The First 100 Digits of Pi
4
Elements In Images
5
One Thing in Common: Science
6
Name the Acid, Base or Salt
7
Science Jokes
8
One Thing in Common: Science III
9
One Thing in Common: Science II
10
One Thing in Common: Animals
Explore More
Trending Topics
Crossword
Disney
NBA
Marvel
Harry Potter
Anime
Kpop
WWE
Soccer
The Office
NFL
Song
Pokémon
Puzzle
Country
hide this ad
More By:
MrZScienceGuy
Quiz
Plays
Rating
Category
Featured
Created
Match That Inequality Sign!
2,790
3.85
Science
Nov 13, 2013
Earth Science Lists - Part 1
1,448
5.00
Science
Nov 6, 2013
Weathering and Erosion Trivia!
1,108
4.50
Science
Nov 18, 2013
Earth Science Lists - Part 2
919
3.71
Science
Jan 13, 2014
The Order of the Planets (By Decade)
787
4.90
Science
Jan 30, 2015
Go to Creator's Profile
Score Distribution
Quiz Creator Spotlight
MrZScienceGuy
Follow
Send a Message
Quizzes Created
-
Created Quiz Play Count
-
More By This Creator
Popular Quizzes Today
1
Find the US States - No Outlines Minefield
2
Find the Countries of Europe - No Outlines Minefield
3
The Countries of the World
4
Find the US States
5
Risky Map Clicking: Biggest States A-Z
6
US States
7
Popular People in 1961
8
Movies - When Are They Set?
More Science Quizzes
Pyra-Grid: Science
Published
Trending Quizzes
Risky Map Clicking: Least Populous States A-Z
1-10 Letter G Words
1-10 Letter F Words
Risky Map Clicking: Next State Alphabetically
Click the Washington State Counties! (Map)
Recently Updated
Leaping Animals
pecheneg
Reality TV Shows (A-Z)
bhenderson79
Rickey Henderson's Hall of Fame Teammates
pecheneg
Champions League XIs: Arsenal
pecheneg
Quick Pick: Celebrities in WWE's Hall of Fame
aduchscher
A-Z Keypad Blitz II
pecheneg
Multiple Oscar Actors
pecheneg
Mystery Phrase Blitz: Oscar 'Best Actors'
pecheneg
F. Scott Fitzgerald Novels
LTH
Pick 3 Villains
ddd62291
Trending Topics
Kpop
NBA
Anime
Crossword
Harry Potter
Disney
Marvel
NFL
Pokémon
The Office
Song
WWE
Puzzle
Country
Soccer
Your Account Isn't Verified!
In order to create a playlist on Sporcle, you need to verify the email address you used during registration. Go to your
Sporcle Settings
to finish the process.
Report this User
Report this user for behavior that violates our
Community Guidelines
.
Details:
Send Report
Go to the Sporcle.com Mobile Site →
Comments